00445nam a2200133Ia 4500001000400000008004100004082002200045100011900067245005300186260002100239590000700260901002900267999001500296555241024s9999 xx 000 0 und d aRD/344.07/R426a/2 aRepública Dominicana.Secretaria de Estado de Educación Bellas Artes y Cultos. Congreso Nacional de Educación 0aAnteproyecto de Nueva Ley General de Educación bDe Coloresc1992 asi a16/11/2010 11:02:57 a.m. c9578d9578